| 000 | 01713nam0a2200361 4500 | ||
|---|---|---|---|
| 001 | RU\NLR\BIBL_A\011503456 | ||
| 005 | 20260405102751.0 | ||
| 010 |
_a9785498000084 _9500 |
||
| 021 |
_aRU _b2017-72237 _95148 |
||
| 035 | _a(RuMoRGB)009402180 | ||
| 035 | _a(NLR Aleph) 011503456 | ||
| 090 |
_a12006771 _c12006771 |
||
| 100 | _a20171020d2011 u y0rusy50 ca | ||
| 101 | 0 | _arus | |
| 102 | _aRU | ||
| 105 | _aac||zzzz0|0zd | ||
| 200 | 1 |
_aНе заворачивайте кота в газету _e[практический экскурс в тайны журналистской работы] _fВасилий Смирнов |
|
| 210 |
_aКиров _cКировская областная типография _d2011 |
||
| 215 |
_a487, [1] с. _cил., портр. _d21 |
||
| 300 | _aНа 4-й с. обл. авт.: Василий Смирнов, профессиональный журналист, заслуженный работник культуры Рос. Федерации | ||
| 600 | 1 |
_aСмирнов _bВ. В. _gВасилий Васильевич _92344702 _3RU\NLR\AUTH\6601624570 |
|
| 607 |
_aКировская область (Российская Федерация) _2rubbk |
||
| 686 |
_aЧ612.3(2)7-8Смирнов В.В.4я44 _2rubbk |
||
| 686 |
_aЧ617.3(2)7-8Смирнов В.В.4я44 _2rubbk |
||
| 686 | 1 | _aЧ612.3(2Р)7-8Смирнов.я44 | |
| 686 | 1 | _aЧ617.3(2)7-8Смирнов.я44 | |
| 686 | 2 | _aШ6(2=Р)8-4 | |
| 700 | 1 |
_8rus _7ca _aСмирнов _bВ. В. _cжурналист _gВасилий Васильевич _3RU\NLR\AUTH\7738475 _921459 |
|
| 942 | _cBOOK | ||
| 980 | _aNBR | ||